| 000 | 00336nam a22001217a 4500 | ||
|---|---|---|---|
| 020 | _a9789384007027 | ||
| 082 |
_a519.5063 _bSOU/ST |
||
| 100 |
_aSourajit,Mustafee _91282 |
||
| 245 | _aStatistical Methods for Agricultural Science | ||
| 260 |
_aNew Delhi _bMed Tech - Scientific International Pvt.Ltd _c2014 |
||
| 300 | _a405 | ||
| 942 | _cBBS | ||
| 999 |
_c14732 _d14732 |
||